书目信息 |
| 题名: |
世界旅游指南
|
|
| 作者: | 博尔顿 著 ;陈剑 译 | |
| 分册: | ||
| 出版信息: | 北京 中华书局 1999 |
|
| 页数: | 192页 | |
| 开本: | 19cm | |
| 丛书名: | ||
| 单 册: | ||
| 中图分类: | K954.69 | |
| 科图分类: | ||
| 主题词: | 旅游指南--威尼斯 | |
| 电子资源: | ||
| ISBN: | 7-101-02129-8 | |
| 000 | 00725nam0 2200241 450 | |
| 000 | 01091nam 2200289 45 | |
| 005 | 20070611091630.90 | |
| 010 | @a7-101-02129-8@dCNY25.00 | |
| 100 | @a20051102d1999 ekmy0chiy0120 ea | |
| 101 | 2 | @achi@aeng@ceng |
| 102 | @aCN@b110000 | |
| 102 | @aCN@b110000 | |
| 105 | @ay z 000by | |
| 200 | 1 | @a世界旅游指南@e威尼斯@Ashi jie lu you zhi nan@f(英)博尔顿著@F(ying)bo er dun zhu@g陈剑等译@Gchen jian deng yi |
| 210 | @a北京@c中华书局@d1999 | |
| 215 | @a192页@d19cm | |
| 517 | 1 | @a威尼斯@Awei ni si |
| 606 | 0 | @a旅游指南@y威尼斯 |
| 690 | @aK954.69 | |
| 701 | 0 | @a博尔顿@Abo er dun@4著 |
| 702 | 0 | @a陈剑@Achen jian@4译 |
| 801 | 0 | @aCN@bFYSX@c20070611 |
| 905 | @a10447@dK954.69@e169 | |
| 世界旅游指南:威尼斯/(英)博尔顿著/陈剑等译.-北京:中华书局,1999 |
| 192页;19cm |
| ISBN 7-101-02129-8:CNY25.00 |
| ● |
| 相关链接 |
|
|
|
|
正题名:世界旅游指南
索取号:K954.69/169
 
预约/预借
| 序号 | 登录号 | 条形码 | 馆藏地/架位号 | 状态 | 备注 |
| 1 | 0518102 | 205181024 | 第二样本阅览室/ [索取号:K954.69/169] | 在馆 | |
| 2 | 0518103 | 205181033 | 密集书库/ [索取号:K954.69/169] | 在馆 | |
| 3 | 0518104 | 205181042 | 密集书库/ [索取号:K954.69/169] | 在馆 | |
| 4 | 0518105 | 205181051 | 密集书库/ [索取号:K954.69/169] | 在馆 | |
| 5 | 0518106 | 205181060 | 密集书库/ [索取号:K954.69/169] | 在馆 | |
| 6 | 0518107 | 205181079 | 密集书库/ [索取号:K954.69/169] | 在馆 | |
| 7 | 0518108 | 205181088 | 密集书库/ [索取号:K954.69/169] | 在馆 | |
| 8 | 0518109 | 205181097 | 密集书库/ [索取号:K954.69/169] | 在馆 | |
| 9 | 0518110 | 205181104 | 密集书库/ [索取号:K954.69/169] | 在馆 |